One Piece - Ragebait #4 - Statistiques

Statistiques générales
  • Ce quiz a été pris 73 fois
  • Le résultat moyen est 6 sur 19
Statistiques - réponses
Question Réponse % Correct
Personnage plus utile qu'Ace dans l'histoire Luffy, Zoro, Sanji, Nami, Usopp, Chopper, Robin, Franky, Brook, Jinbei, Akainu, Kizaru, Fujitora, Aramaki, Garp, Sengoku, Koby, Law, Kid, Hawkins, Apoo, Kaido, Big Mom, Baggy, Mihawk, Crocodile, Ener, Weeble, Foxy, Hancock, Magellan, Domino, Vivi; Kuro, Arlong, Don Krieg, Doflamingo, Kuma, Saturn, Mars, Warcury, Peter, Imu, Garling, Shanks, Teach, Yasopp, Roo, Jayson, Imad, Ace ( Wano, donc mort )
97%
Episode après l'épisode 1 Episode 2
90%
Yohohohohoho Ener
84%
Episode de One Piece qui commence One Piece Episode 1
76%
Zehahahaha Marshall D. Teach
52%
Personnage étant apparu à la 8 èm minute de l'épisode 34 Nami
29%
Île la plus belle de One Piece Amazon Lily
26%
Meilleur Flashback Kalgara et Mont Blanc Norland
26%
Cet homme est "l'homme à la cicatrice de feu" Ener
24%
Meilleur fruit du démon pour un cocktail Le Mero Mero no Mi
19%
L'homme le plus intelligent du monde Moi
16%
La réponse à cette question est confidentielle Confidentielle
11%
La réponse à cette question est encore confidentielle encore confidentielle
11%
Personnage ayant déjà rigoler dans One Piece Kaido
8%
Hahaha Boa Hancock
3%
Personnage ayant déjà été vu dans One Piece Boa Hancock
3%
Personnage de One Piece n'ayant jamais été apparu dans l'oeuvre Bruno Mars
3%
Se que Jayson va dire une fois le quizz fini T'as trop mal
3%
Jeu vidéo préféré de Luffy Valorant
3%
Aucun quiz correspondant
Distribution des résultats
% des personnes avec chaque résultat
Percentile par nombre de réponses
Votre historique - résultats
Vous n’avez pas pris ce quiz